|
|
|
|
| LEADER |
01436cam a2200337 a 4500 |
| 001 |
c000395223 |
| 003 |
CARM |
| 005 |
20131112111826.0 |
| 008 |
131112s1984 acaab b f100 0 eng d |
| 019 |
1 |
|
|a 7830433
|5 LACONCORD2021
|
| 035 |
|
|
|a (OCoLC)220866903
|5 LACONCORD2021
|
| 040 |
|
|
|a SEW
|b eng
|c SEW
|d XNTU
|
| 042 |
|
|
|a anuc
|
| 082 |
0 |
4 |
|a 363.7287
|2 23
|
| 111 |
2 |
|
|a National Strategies for Managing Hazardous Waste
|d (1985 :
|c Melbourne, Vic.)
|
| 245 |
1 |
0 |
|a National Strategies for Managing Hazardous Waste /
|c conference papers, Hilton International Hotel, Melbourne, Australia, November 18-21, 1985.
|
| 260 |
|
|
|a [Canberra] :
|b Commonwealth Dept. of Arts, Heritage and Environment,
|c [1985?].
|
| 300 |
|
|
|a 1v. (various pagings) :
|b ill., maps ;
|c 30 cm.
|
| 500 |
|
|
|a Cover title.
|
| 504 |
|
|
|a Includes bibliographies.
|
| 650 |
|
0 |
|a Waste products.
|
| 650 |
|
0 |
|a Industrial safety.
|
| 650 |
|
0 |
|a Hazardous substances
|x Safety measures.
|
| 650 |
|
0 |
|a Hazardous substances
|v Congresses.
|
| 650 |
|
0 |
|a Hazardous wastes
|v Congresses.
|
| 710 |
1 |
|
|a Australia.
|b Department of Arts, Heritage and Environment.
|
| 852 |
8 |
|
|b CARM
|p 0595843
|f BK
|
| 852 |
8 |
|
|b SCAN
|h A3:AH20C0
|i F08749
|p 0595843
|f BK
|
| 999 |
f |
f |
|i 4c60f6ed-0a68-5bc7-879a-453a8621f3e8
|s 27d18169-4493-5833-bb8b-6a1938399a3c
|
| 952 |
f |
f |
|p Can circulate
|a CAVAL
|b CAVAL
|c CAVAL
|d CARM 1 Store
|i book
|m 0595843
|
| 952 |
f |
f |
|a CAVAL
|b CAVAL
|c CAVAL
|d Unmapped Location
|e F08749
|f A3:AH20C0
|h Other scheme
|